| 000 | 01100nam a22002537a 4500 | ||
|---|---|---|---|
| 999 |
_c17310 _d17310 |
||
| 003 | AR-CdUCM | ||
| 008 | 190508b ||||| |||| 00| 0 spa d | ||
| 040 |
_aMUNICIPALIDAD PROVINCIAL DEL CUSCO _cBIBLIOTECA MUNICIPAL DEL CUSCO |
||
| 082 |
_a658.3 / _bD97 |
||
| 100 |
_aDubin, Robert. _937248 |
||
| 245 |
_aLas relaciones humanas en la administración : _b con lecturas y casos / |
||
| 260 |
_aMéxico, D.F : _bEdit. Continental, _c1964. |
||
| 300 |
_a673 paginas ; _c23 cm. |
||
| 500 | _aTitulo original : Human relations in administration | ||
| 505 | _aContenido : Perspectivas administrativas -- Educación para ejecutivos -- Organizaciones -- La organización como un sistema social -- Significado de las organizaciones -- Personal administrativo... | ||
| 650 |
_aLa administración _920424 |
||
| 650 |
_aOrganización _94866 |
||
| 650 |
_aEstructura de la organización _937249 |
||
| 650 |
_aRelaciones de funcionarios _937250 |
||
| 650 |
_aRelaciones administrativas _937251 |
||
| 700 |
_aSoto Olivares, Jesus (Traducción) _937252 |
||
| 942 |
_2ddc _cLIBROS |
||
| 945 |
_awnts _d2019-05-8 |
||